000 01422nam a22002417a 4500
003 OSt
005 20260227141009.0
008 260227b |||||||| |||| 00| 0 eng d
040 _cSTCPL
041 _aENG
100 _aV Sebastian
245 _aClassical Languages and the Ideology of Class and Privilege
246 _aEPW
_fVol.61; No.7 -
_g14 Feb. 2026
_hpp. 66-72
520 _aThe decision by the union government in 2004 to create a new category called the “classical language” tends to privilege a handful of Indian languages over numerous others. Constituting some languages as classical entails cultural marginalisation of other languages since it involves the creation of hierarchies, prestige, privilege and cultural inequalities. Often overlooked in discussions about the classical is the ideological framework within which it functions. Hidden within the classical—so apparent yet so concealed—is the category of class and caste as a definite material basis. This ideology has not received the attention it deserves in the discussions on the classical language status in the wider public sphere.
630 _aMAL
650 _aLanguage
650 _aLinguistics
650 _aIndian languages
650 _aClassical language
856 _uhttps://www.epw.in/journal/2026/7/special-articles/classical-languages-and-ideology-class-and.html
942 _cARTICLE
942 _2ddc
_n0
999 _c87468
_d87468